00828nam a22002177a 450000500170000001000150001702000270003203500140005903700090007308200130008210000260009524500900012125000060021126000530021727000750027030000320034570000330037794200270041099900190043795201540045620241203155655.0 aENG-142796 a9789355329752c1125.00 aEN-126328 bDBAD a519.524 aJaggia, Sanjiv974606 aBusiness Statistics: Communicating with Numbers/cby Sanjiv Jaggia [and] Alison Kelly a4 aChennaibMcGraw Hill Education Private Ltdc2024 aAnjana Complex No. 5/90 A, Butt Road, St Thomas MountbChennaie600016 axxix,770p.c28cm(pb)bIndex aKelly, AlisoneAuthor974605 2ddccENmJAGh519.5e4 c207375d207375 001040708NFICaLbLd2024-12-03eDelivery of Books Act Divisiong1125.00l0oJAG 519.5pEN-126328r2024-12-03 00:00:00t1v1125.00w2024-12-03yEN